000 01321nam0a2200325 4500
001 RU\NLR\bibl\1770023
005 20260405221829.0
010 _a978-5-98900-005-X
_91500
035 _a(NLR Aleph) 001760806
090 _a1577099
_c1577099
100 _a20110517d2007 |||y0rusy50 ca
101 0 _arus
102 _aRU
105 _aa |||||||||
200 1 _aПроектирование амфибийных машин
_fСтепанов А.П.
210 _aМосква
_cМегалион
_d2007
215 _a421 с., [1] л. ил., табл.
_cил.
_d27
300 _aВ конце текста авт.: д.т.н., проф., засл. деятель науки и техники РФ А.П. Степанов
316 _aС автогр. сына авт. (В. Буланова)
_5NLR
320 _aБиблиогр.: с. 411-415 (84 назв.)
606 1 _aАвтомобили-амфибии
_xПроектирование
_91056384
_3RU\NLR\auth\6690891
686 _aЦ621.13-2
686 _aО336.75-02
700 1 _4070
_8rus
_7ca
_aСтепанов
_bА. П.
_cд-р техн. наук
_gАлексей Павлович
_3RU\NLR\auth\77100106
_983032
801 0 _aRU
_bNLR
_c20110517
_gRCR
801 1 _aRU
_bNLR
_c20110517
830 _aавт. по кн.
942 _cBOOK
980 _aNB